000
00235nam a2200109Ia 4500
008
190216s9999||||xx |||||||||||||| ||und||
100
_a
Sukumar Azheekode
245
0
_a
Seethakavyam
260
_b
Null
650
_a
Padanam
942
_c
BK
999
_c
23822
_d
23822